Countries at 10°S Latitude - Statistics

General Stats
  • This quiz has been taken 83 times
  • The average score is 10 of 11
Answer Stats
Country % Correct
Brazil
100%
Peru
100%
Tanzania
100%
Angola
99%
Bolivia
97%
Democratic Republic of the Congo
97%
Indonesia
97%
Papua New Guinea
94%
Zambia
93%
Malawi
85%
Kiribati
80%
No matching quizzes found
Score Distribution
Percent of People with Each Score
Percentile by Number Answered
Your Score History
You have not taken this quiz